Sports Quiz

Random Sports or Baseball Quiz

ULTIMATE baseball quiz Stats

 Plays Quiz not verified by Sporcle

Challenge
Share
Tweet
Embed
Score 0/11 Timer 01:00
0 Plays Today
who has more???? team/player % Correct
????
99.7%
????
88.2%
????
87.4%
????
86.5%
????
85.2%
????
82.9%
????
74.5%
????
71.4%
????
66.5%
????
58.3%
????
49.7%

You're not logged in!

Compare scores with friends on all Sporcle quizzes.
Join for Free
OR
Log In

You Might Also Like...

Show Comments

Extras

Top Quizzes Today


Score Distribution

Your Account Isn't Verified!

In order to create a playlist on Sporcle, you need to verify the email address you used during registration. Go to your Sporcle Settings to finish the process.

Report this User

Report this user for behavior that violates our Community Guidelines.

Details: